Michel Aglietta a jeho poňatie peňažnej teórie

Michel Aglietta - jeden z najvýznamnejších súčasných francúzskych ekonómov (nar. 18. februára 1938). Vo svojej vedeckovýskumnej činnosti sa zameriava na riešenie problémov peňažnej teórie, finančnej globalizácie a ekonomického rastu v dlhom období. Patrí k hlavným predstaviteľom teórie regulovania....

Descripción completa

Guardado en:
Detalles Bibliográficos
Autor principal: Přívarová, Magdaléna, 1955-
Formato: Capítulo de libro
Lenguaje:eslovaco
Materias:
Etiquetas: Agregar Etiqueta
Sin Etiquetas, Sea el primero en etiquetar este registro!

MARC

LEADER 00000naa$a2200000$$$4500
001 0035551
005 20240502071448.1
041 0 |a slo 
044 |a SK 
245 1 0 |a Michel Aglietta a jeho poňatie peňažnej teórie  |c Magdaléna Přívarová 
520 |a Michel Aglietta - jeden z najvýznamnejších súčasných francúzskych ekonómov (nar. 18. februára 1938). Vo svojej vedeckovýskumnej činnosti sa zameriava na riešenie problémov peňažnej teórie, finančnej globalizácie a ekonomického rastu v dlhom období. Patrí k hlavným predstaviteľom teórie regulovania. Dve verzie peňazí v jednej škole: Aglietta a Lipietz. Výklad podstaty peňazí. Vplyv spoločenskej deľby práce na správanie sa ekonomických subjektov v trhovej ekonomike. Obraz ekonomického subjektu v trhovej ekonomike, mimetizmus. Transformácia medzinárodného menového systému. 
610 2 0 |a Aglietta, M. 
610 2 0 |a ekonómovia 
610 2 0 |a životopisy 
610 2 0 |a teórie ekonomické 
610 2 0 |a teória peňažná 
610 2 0 |a systém menový medzinárodný 
610 2 0 |a deľba práce 
100 1 |a Přívarová, Magdaléna, 1955-